| 000 | 00516nam a2200205Ia 4500 | ||
|---|---|---|---|
| 008 | 170918s9999 xx 000 0 und d | ||
| 020 | _a9780439451666 | ||
| 050 | _bM123 1994 | ||
| 100 | _aMaccarone, Grace | ||
| 245 | _aPizza party! / | ||
| 245 | _cby Grace Maccarone ; illustrated by Emily Arnold McCully. | ||
| 260 | _aNew York : | ||
| 260 | _bScholastic, | ||
| 260 | _c1994 | ||
| 300 | _aunpaged : | ||
| 300 | _bcolored illustration ; | ||
| 300 | _c23cm. | ||
| 440 | _aHello reader! | ||
| 500 | _aBR | ||
| 999 |
_c343044 _d343044 |
||